A comprehensive introduction to differential geometry
Αποθηκεύτηκε σε:
| Κύριος συγγραφέας: | |
|---|---|
| Μορφή: | Βιβλίο |
| Γλώσσα: | English |
| Δημοσίευση: |
Wilmington, Delaware :
Publish or Perish, Inc.,
c1979
|
| Έκδοση: | 2nd ed. |
| Θέματα: | |
| Ετικέτες: |
Προσθήκη ετικέτας
Δεν υπάρχουν, Καταχωρήστε ετικέτα πρώτοι!
|
MARC
| LEADER | 00000nam a2200000 i 4500 | ||
|---|---|---|---|
| 001 | 1/55813 | ||
| 008 | 941103s1979 eng d | ||
| 020 | |a 0-914098-84-5 | ||
| 020 | |a 0-914098-82-9 | ||
| 020 | |a 0-914098-80-2 | ||
| 035 | |a 1988 |l 10045388 | ||
| 040 | |a GR-MY-UA |b gre |e aacr | ||
| 041 | 0 | |a eng | |
| 082 | 0 | |a 516.36 | |
| 100 | 1 | |a Spivak, Michael. | |
| 245 | 1 | 2 | |a A comprehensive introduction to differential geometry / |c Michael Spivak |
| 250 | |a 2nd ed. | ||
| 260 | |a Wilmington, Delaware : |b Publish or Perish, Inc., |c c1979 | ||
| 300 | |a 5 v.; |c 25 cm. | ||
| 500 | |a Includes bibliographical references and index | ||
| 650 | 0 | 0 | |a Geometry, Differential. |
| 650 | 0 | 0 | |a Geometry, Differential |x Problems, Exercises, etc. |
| 852 | |a INST |b SAMOS |e 19941103 |h 516.36 SPI |p 005300001202 |q 005300001202 |t BK |y 0 |z v.1 | ||
| 852 | |a INST |b SAMOS |e 19941103 |h 516.36 SPI |p 005300001203 |q 005300001203 |t BK |y 0 |z v.2 | ||
| 852 | |a INST |b SAMOS |e 19970911 |h 516.36 SPI |p 005300001204 |q 005300001204 |t BK |y 0 |z v.3 | ||
| 852 | |a INST |b SAMOS |e 19970911 |h 516.36 SPI |p 005300001205 |q 005300001205 |t BK |y 0 |z v.4 | ||
| 852 | |a INST |b SAMOS |e 19970911 |h 516.36 SPI |p 005300001206 |q 005300001206 |t BK |y 0 |z v.5 | ||
| 852 | |a INST |b SAMOS |e 19941103 |h 516.36 SPI |p 005300001202 |q 005300001202 |t BK |v v.1: |y 0 |z v.1 | ||
| 852 | |a INST |b SAMOS |e 19941103 |h 516.36 SPI |p 005300001203 |q 005300001203 |t BK |v v.2: |y 0 |z v.2 | ||
| 852 | |a INST |b SAMOS |e 19970911 |h 516.36 SPI |p 005300001204 |q 005300001204 |t BK |v v.3: |y 0 |z v.3 | ||
| 852 | |a INST |b SAMOS |e 19970911 |h 516.36 SPI |p 005300001205 |q 005300001205 |t BK |v v.4: |y 0 |z v.4 | ||
| 852 | |a INST |b SAMOS |e 19970911 |h 516.36 SPI |p 005300001206 |q 005300001206 |t BK |v v.5: |y 0 |z v.5 | ||
| 853 | |a INST |b SAMOS |h 516.36 SPI | ||
| 909 | |a Σ |b 010407 | ||
| 909 | |a Σ |b 010409 | ||
| 909 | |a Σ |b 010410 | ||
| 909 | |a Σ |b 010411 | ||
| 909 | |a Σ |b 010408 | ||